Law and Sprituality (Record no. 1310992)

MARC details
000 -LEADER
fixed length control field 00520nam a2200205Ia 4500
005 - DATE AND TIME OF LATEST TRANSACTION
control field 20250505125006.0
008 - FIXED-LENGTH DATA ELEMENTS--GENERAL INFORMATION
fixed length control field 008 250505s9999 xx 000 0 eng d
037 ## - SOURCE OF ACQUISITION
Stock number Reference
040 ## - CATALOGING SOURCE
Original cataloging agency LCO
Language of cataloging eng
Transcribing agency LCO
041 ## - LANGUAGE CODE
Language code of text/sound track or separate title eng
Source of code eng
084 ## - COLON CLASSIFICATION NUMBER
Classification number Z1 R4
Assigning agency LCO
100 ## - MAIN ENTRY--PERSONAL NAME
Personal name Mittal, Raman
245 #0 - TITLE STATEMENT
Title Law and Sprituality
Statement of responsibility, etc. Raman Mittal
260 ## - PUBLICATION, DISTRIBUTION, ETC.
Place of publication, distribution, etc. New Delhi, India
Name of publisher, distributor, etc. Kitabwale
Date of publication, distribution, etc. 2024
300 ## - PHYSICAL DESCRIPTION
Extent 304
365 ## - TRADE PRICE
Price type code INR
Price amount 750
650 ## - SUBJECT ADDED ENTRY--TOPICAL TERM
Topical term or geographic name entry element Law
942 ## - ADDED ENTRY ELEMENTS (KOHA)
Koha item type Reference
Classification part Z1 R4
Holdings
Withdrawn status Lost status Damaged status Not for loan Home library Current library Date acquired Source of acquisition Cost, normal purchase price Total Checkouts Full call number Barcode Date last seen Price effective from Koha item type
        Law Centre-I Library Law Centre-I Library 2025-05-05 Satyam Books Pvt Ltd 750.00   Z1 R4 LO1645852 2025-05-05 2025-05-05 Reference
Copyright @ Delhi University Library System